000 00705cam a2200193 i 4500
005 20260417111616.0
008 141128s2015 enka e b 001 0 eng
020 _a9780198726074 (pbk)
082 0 4 _a330.122 FUL
100 1 _aFulcher, James
245 1 0 _aCapitalism :
_ba very short introduction /
_cJames Fulcher
250 _a2nd ed.
264 1 _aOxford :
_bOxford University Press,
_c2015.
300 _a139 p. :
_c18 cm.
365 _bRs. 225.00
505 0 _a1. What is capitalism? -- 2. Where did capitalism come from? -- 3. How did we get here? -- 4. Is capitalism everywhere the same? -- 5. Has capitalism gone global? -- 6. Crisis? What crisis?
650 0 _aCapitalism.
942 _2ddc
_cBK
999 _c40889
_d40889